Estado de la Región en Desarrollo Humano Sostenible: un informe desde Centroamérica y para Centroamérica. Resumen /
Resumen del Estado de la Región el cual un aporte de la investigación académica al conocimiento y deliberación sobre la situación actual del desarrollo humano sostenible en Centroamérica que abarca el trienio 2008-2011. Dicho documento se constituye en un instrumento desde Centroamérica y para Centr...
Guardado en:
| 企業作者: | |
|---|---|
| 格式: | Texto |
| 主題: | |
| 標簽: |
添加標簽
沒有標簽, 成為第一個標記此記錄!
|
MARC
| LEADER | 00000 a a2200000 04500 | ||
|---|---|---|---|
| 001 | 43483 | ||
| 003 | |||
| 040 | |||
| 110 | |a Costa Rica. |b Programa Estado de la Nación-Región | ||
| 245 | |a Estado de la Región en Desarrollo Humano Sostenible: |b un informe desde Centroamérica y para Centroamérica. Resumen / |c Programa Estado de la Nación-Región de Costa Rica | ||
| 500 | |a También en CD-ROM No. de registro R16059 | ||
| 520 | |a Resumen del Estado de la Región el cual un aporte de la investigación académica al conocimiento y deliberación sobre la situación actual del desarrollo humano sostenible en Centroamérica que abarca el trienio 2008-2011. Dicho documento se constituye en un instrumento desde Centroamérica y para Centroamérica que analiza y da seguimiento a los principales desafíos del desarrollo humano sostenible. Ofrece una mirada profunda sobre un conjunto de temas clave para conocer la evolución reciente de la región. No es una fotografía de la realidad, sino una documentación selectiva de procesos, en el cual se ha precisado y detallado lo que diversos actores sociales, económicos y políticos e institucionales hicieron en el pasado cercano y la huella que dejaron en el desarrollo del istmo. | ||
| 590 | |a RRA/JUNIO2012 | ||
| 650 | |a INFORMES | ||
| 650 | |a DESARROLLO HUMANO | ||
| 650 | |a DESARROLLO SOCIAL | ||
| 650 | |a DESARROLLO SOSTENIBLE | ||
| 650 | |a DESARROLLO ECONOMICO | ||
| 650 | |a DATOS ESTADISTICOS | ||
| 650 | |a AMERICA CENTRAL | ||
| 773 | |g número4 ( , 2011), 62 páginas : tablas, gráficos, mapas | ||
| 999 | |c 39931 |d 39931 | ||
